ՀՀ Գիտությունների ազգային ակադեմիայի հիմնարար գիտական գրադարան  =   Fundamental Scientific Library of NAS RA

Собрание сочинений в 3-х томах : (Record no. 528852)

MARC details
000 -LEADER
fixed length control field 00963nam a2200229 u 4500
001 - CONTROL NUMBER
control field 1918956
003 - CONTROL NUMBER IDENTIFIER
control field AM-YEHGA
005 - DATE AND TIME OF LATEST TRANSACTION
control field 20250617164732.0
008 - FIXED-LENGTH DATA ELEMENTS--GENERAL INFORMATION
fixed length control field 041202s1993 ru |||g|||||||||||0|rus|d
020 ## - INTERNATIONAL STANDARD BOOK NUMBER
International Standard Book Number 5835000359 (Т. 1)
020 ## - INTERNATIONAL STANDARD BOOK NUMBER
International Standard Book Number 5-8350-0379-X (Т. 3)
040 ## - CATALOGING SOURCE
Original cataloging agency AM-YeHGA
041 1# - LANGUAGE CODE
Language code of text/sound track or separate title rus
Language code of original eng
090 ## - LOCALLY ASSIGNED LC-TYPE CALL NUMBER (OCLC); LOCAL CALL NUMBER (RLIN)
-- 567156
100 1# - MAIN ENTRY--PERSONAL NAME
Personal name Джойс, Джеймс,
Dates associated with a name 1882-1941
245 10 - TITLE STATEMENT
Title Собрание сочинений в 3-х томах :
Remainder of title Пер. с англ. /
Statement of responsibility, etc. Джеймс Джойс.
260 ## - PUBLICATION, DISTRIBUTION, ETC.
Place of publication, distribution, etc. Москва :
Name of publisher, distributor, etc. Знаменитая книга,
Date of publication, distribution, etc. 1993-
300 ## - PHYSICAL DESCRIPTION
Extent том
505 10 - FORMATTED CONTENTS NOTE
Miscellaneous information Т. 1 (1993, 445 с.) :
Title Дублинцы : Рассказы; Портрет художника в юности : Роман ;
Miscellaneous information Т. 2 (1994, 608 с.) :
Title Улисс : Роман (части I и II) ;
Miscellaneous information Т. 3 (1994, 605 с.) :
Title Улисс : Роман (часть III)
650 14 - SUBJECT ADDED ENTRY--TOPICAL TERM
Topical term or geographic name entry element Ирландская литература
942 ## - ADDED ENTRY ELEMENTS (KOHA)
Source of classification or shelving scheme Universal Decimal Classification
Koha item type Գրքեր / Books
Holdings
Withdrawn status Lost status Source of classification or shelving scheme Damaged status Not for loan Collection Home library Current library Date acquired Serial enumeration / chronology Total checkouts Full call number Barcode Date last seen Price effective from Koha item type Public note
    Universal Decimal Classification     General Fundamental Scientific Library Fundamental Scientific Library 24/10/2023 Т. 3   PII/661414 FL0681275 24/10/2023 24/10/2023 Գրքեր / Books 30 Days Loan
    Universal Decimal Classification     General Fundamental Scientific Library Fundamental Scientific Library 07/09/2023 Т. 1   РII/660855 FL0678968 07/12/2023 07/09/2023 Գրքեր / Books 30 Days Loan


ՀՀ ԳԱԱ հիմնարար գիտական գրադարան
ՀՀ,Երևան 0019
Մարշալ Բաղրամյան 24/6
հեռախոս:(374-10) 52-47-50
Հետադարձ կապ

All site content, except where otherwise noted, is licensed under a
Creative Commons License